[Event "Match 81__120'/40"]
[Site "Zürich"]
[Date "2025.??.??"]
[Round "16"]
[White "Fidelity Excel Mach III"]
[Black "Scorpio 68000 sel. 4"]
[Result "1/2-1/2"]
[Annotator "Utzinger,K"]
[WhiteElo "2020"]
[BlackElo "2043"]
[PlyCount "128"]
[EventDate "2025.??.??"]

{[%evp 0,128,20,25,23,23,15,11,31,-6,3,-19,13,6,19,15,-1,12,4,2,7,8,32,-37,-16,-20,18,-17,0,22,21,40,13,21,39,31,26,-10,25,11,32,22,37,22,60,48,53,53,74,83,102,92,92,0,0,0,58,0,0,0,0,0,0,-17,-32,-22,-31,-59,-58,-55,-34,-55,-37,-65,-85,-99,-46,-64,-77,-58,-59,-200,-188,-198,-179,-195,-213,-210,-143,-184,-157,-149,-126,-177,-175,-217,-238,-262,-197,-207,-168,-165,-141,-141,-141,-153,-143,-231,-143,-180,-128,-120,0,-39,0,-40,-7,-1,0,0,0,0,0,0,0,0,0,0,0,0,0]} 1. e4 e5 {Match 120'/40 | Bediener: Rolf Bühler | Kommentator: Kurt Utzinger | 16. Partie: Remis | Zwischenstand: 9-7 (56,3%) für Mach III | Stand hypothetisch: 9-7 (56,3%) für Scorpio | Eröffnung: Spanisch, Mittelgambit 5.d4 | Buchzüge: 10 von Scorpio; 11 von Mach III | Partieverlauf: Eine lehrreiche Partie. In dieser besitzt der Mach III bei ungleichfarbigen Läufern zwar zwei Bauern mehr, hat dafür aber weissfeldrige Schwächen und einen unsicher stehenden König. So kommt die Kraft der schwarzen Dame mit seinem weissfeldrigen Läufer voll zur Geltung. Und im Nu befindet sich das Programm von Kathe & Dan Spracklen in einer hoffnungslosen Stellung. Leider greift der Scorpio 68000 sel. 4 dann doch noch daneben und muss sich mit einem unglücklichen Remis zufrieden geben.} 2. Nf3 Nc6 3. Bb5 a6 4. Ba4 Nf6 5. d4 {Mit diesem Zug, dem Spanischen Mittelgambit, umgeht Weiss viele Hauptvarianten. Dr. Max Euwe schreibt dazu: "Dieser Aufzug löst die Spannung etwas zu früh auf, so dass Schwarz klaren Ausgleich erreicht, obwohl er immerhin genau spielen muss." Sam Collins in "Schacheröffnungen richtig verstehen" meint: Das sofortige 5.d4 erreicht keinen Vorteil.} Nxe4 {Deutlich beliebter ist 5...exd4 mit einem Score von 55% für Weiss gemäss der CB Online Datenbank. Der Textzug 5...Sxe4 weist hingegen ein Score von 64,9% für Weiss auf. Die Engines sehen keinen derart grossen Unterschied zwischen den beiden Fortsetzungen und geben folgende Erwartungswerte für Weiss aus: für 5...exd4 = 50% und für 5...Sxe4 = 51%, also fast gleichwertig. Das kann jedoch darauf hindeuten, dass menschliche Spieler am Brett nach 5...Sxe4 mit grösseren praktischen Problemen zu kämpfen haben.} 6. Qe2 {Eine andere populäre Fortsetzung ist:} (6. O-O b5 7. Bb3 d5 8. dxe5 Be6 9. Be3 Be7 10. Nbd2 Nc5 11. Nd4 Nxe5 12. f4 Nc4 13. Bxc4 dxc4 14. Nc6 Qd6 15. Nxe7 Qxe7 16. f5 Bxf5 17. Qf3 O-O 18. Rae1 Bxc2 19. Qg3 Bg6 20. Bf4 Ne6 21. Nf3 Qc5+ 22. Be3 Qb4 23. Qf2 Bd3 24. Ne5 Bxf1 25. Rxf1 Qd6 26. Qf5 Nd4 27. Qe4 Ne2+ 28. Kh1 Rae8 {0-1 (28) Yoo,C (2567)-Jones,G (2632) Chess.com INT 2022}) 6... b5 7. Qxe4 {Die Engines bevorzugen 7.dxe5 oder 7.Sxe5.} d5 {Die beste Antwort.} 8. Qe3 bxa4 9. Nxe5 Nxe5 10. O-O {Üblicher ist 10.Dxe5, aber es macht keinen grossen Unterschied.} Be6 {***ENDE BUCH***} 11. dxe5 {***ENDE BUCH*** Bewertung: = (-0.10) (49%) Depth 46/58} c6 (11... d4 {macht mehr Sinn} 12. Qe4 {sonst folgt ...c5} Qd5 13. Qxd5 Bxd5 14. Rd1 O-O-O $11 {und für seine geschwächte Bauernstruktur hat Schwarz mit dem Läuferpaar genügend Kompensation.}) 12. Rd1 Qc7 13. Qd4 a3 14. Nxa3 Bxa3 15. bxa3 O-O $11 {[#] Die Stellung befindet sich im Gleichgewicht. Weiss besitzt in Form eines Doppelbauern ein nutzloses Bauernplus. Auf der einzigen offenen b-Linie dürfte es zu einem Massentausch der Türme kommen. Ein wichtiges Indiz sind die ungleichfarbigen Läufer. Diese bieten im Endspiel selbst bei ungleichem Materialverhältnis der Bauern oftmals exzellente Remischancen. Im Mittelspiel hingegen können sie vom Stellungstyp abhängig im Zusammenspiel mit Schwerfiguren zu einer tödlichen Angriffswaffe werden. Und genau das passiert in dieser Partie. Zwar hat der Mach III nach 26 Zügen zwei Mehrbauern, aber weissfeldrige Schwächen und einen luftig stehenden König. Und da der Mach III es an präzisem Spiel mangeln lässt, gerät er gewaltig in die Hinterhand. Schliesslich erreicht Weiss noch ein Remis. Das ist einzig dem Umstand zuzuschreiben, dass der Scorpio 68000 sel. 4 im entscheidenden Moment noch einen schlimmen positionellen Fehler begeht.} 16. Be3 Rab8 17. Rab1 Rfc8 18. Bf4 c5 19. Qa4 a5 20. c3 Re8 {Kein Fehler, aber irgendwie ein völlig sinnloses Manöver.} (20... Rxb1 21. Rxb1 d4 $1 22. cxd4 c4 23. Qc2 c3 24. Be3 Qd7 $11) 21. f3 Ra8 {Der nächste planlose Zug, denn wem käme es in den Sinn, den Turm von der offenen Linie abzuziehen. Aber Glück für Schwarz, dass dies keine negativen Folgen hat.} 22. Rb2 Rab8 {Und wieder zurück, auch wenn den Umständen entsprechend Te8-b8 logischer scheint, weil der Ta8 den Bauer a5 deckt und so die Dame mehr Freiheit erhält.} 23. Rdb1 {Wegen den gegnerischen Turmzügen ist es Weiss gelungen, seine Türme auf der b-Linie zu verdoppeln.} Rf8 $6 {Das ist nicht die beste Wahl, da Weiss nun leichten Vorteil erlangen kann. Stockfish 17.1 auf Suchtiefe 66 gibt die folgenden zwei ausgleichende Varianten:} ({Stockfish 17.1 BMI2: 1)} 23... Rbc8 {0.00(50%)/67} 24. Rb7 Qd8 25. Be3 d4 26. cxd4 cxd4 27. Qxd4 Qxd4 28. Bxd4 Red8 29. Bb6 Rd3 30. Bxa5 Rxa3 31. Rb8 Rxa5 32. Rxc8+ Bxc8 33. Rd1 g5 34. Rd8+ Kg7 35. Rxc8 Rxa2 36. Rc7 Ra6 37. h4 gxh4 38. f4 h3 39. gxh3 Kg6 40. h4 h5 41. Kh2 Re6 42. Rd7 f6 43. Rd6 Rxd6 44. exd6 Kf7 45. Kg3 Ke6 46. Kf3 Kxd6 {[%eval 0,67] [%wdl 5,990,5]}) ({Stockfish 17.1 BMI2: 2)} 23... h6 {0.00(50%)/66} 24. Rxb8 Rxb8 25. Rxb8+ Qxb8 26. h3 Qb6 27. Kh2 Qa6 28. Bg3 Qb6 29. Qb3 Qa7 30. Qb5 d4 31. cxd4 cxd4 32. Bf2 a4 33. Qc6 Kh7 34. g4 Kg8 35. Qe8+ Kh7 36. Qb5 Bxa2 37. Qd3+ Kg8 38. Bxd4 Qb7 39. Kg3 Be6 40. Bc5 h5 41. Qd8+ Kh7 42. Qg5 hxg4 43. Qh4+ Kg8 44. Qd8+ Kh7 {[%eval 0,66] [%wdl 5,990,5]}) 24. Rxb8 Rxb8 25. Rxb8+ Qxb8 $14 26. Qxa5 Qb1+ {Schwarz, der einen Zug vor dem Matt steht durch ein Schachgebot der weissen Dame auf der Grundlinie hat nun ein Dauerschach.} 27. Kf2 h6 {Schafft dem König ein Luftloch und verdirbt noch nichts. Der weisse König selbst steht sehr unsicher und muss aufpassen, nicht in eine verlorene Stellung zu gelangen.} (27... Qc2+ 28. Kg3 Qg6+ 29. Kh4 (29. Kf2 Qc2+ 30. Kf1 Qd1+ 31. Kf2 Qc2+ {usw.}) 29... h6 30. g4 Qc2 31. Kg3 Qe2 32. Qxc5 g5 33. Be3 h5 $1 34. Bxg5 Qxe5+ 35. f4 Qe1+ 36. Qf2 Qxc3+ 37. Kg2 Bxg4 $11) 28. Qxc5 Qc2+ 29. Ke1 (29. Kg3 Qg6+ 30. Kf2 (30. Kh4 $2 Qxg2 {und Weiss wird in 4 Zügen mattgesetzt.}) 30... Qc2+ $11) 29... Qxg2 30. Qf2 Qg6 31. Bc1 Qd3 32. Qe3 {Trotz seiner zwei Mehrbauern befindet sich Weiss wegen seiner weissfeldrigen Schwächen im Verteidigungsmodus.} Qc4 33. Bd2 Bh3 (33... Qxa2 $11 {ist gleichwertig}) 34. Qe2 Qc5 35. Kd1 Bd7 {Jetzt kommt der Läufer von der anderen Seite. Die schwarzen Figuren arbeiten optimal zusammen.} 36. Kc1 Bf5 $11 {Auch ...Lb5 oder ...Dxa3 sind gut.} 37. Be1 $2 {Das ist ungenau und sollte zum Vorteil für Schwarz führen.} Qb6 {Schwarz packt seine Chance nicht, was nicht verwunderlich ist, sind die Varianten doch zu tief und zu kompliziert.} (37... d4 $1 38. Qf2 (38. Qb2 Qxe5 $17) 38... Qxa3+ 39. Qb2 Qa5 40. f4 d3 {Bewertung Stockfish 17.1: -/+ (-1.59) (2% +0% =3% -97%) Depth: 62/111}) 38. Qb2 {Wie soll der Mach III erkennen, dass 38.h4 das Gleichgewicht hält.} Qe3+ 39. Qd2 Qxf3 {[#]} 40. Bg3 $2 $19 {[%mdl 32768] ***VERLUSTZUG***, aber auch hier wohl unmöglich für den Anziehenden, das zu erkennen.} Qe4 41. Kd1 g5 {Noch stärker war 41...Lg4 -+.} ({Rems M-091224-avx2:} 41... Bg4+ 42. Kc1 Bf5 43. Kd1 h5 44. Qf4 Qc2+ 45. Ke1 Qxc3+ 46. Qd2 Qc4 47. Qf4 Qc8 48. Qd2 Qb7 49. Qb4 Qc6 50. Qb8+ Kh7 51. Qb2 Qc4 52. Qe2 Qc3+ 53. Qd2 Qxa3 54. Bf4 Qa4 55. Be3 Qh4+ 56. Qf2 Qe4 57. Qf4 Qb1+ 58. Kf2 Qxa2+ 59. Kg3 Be6 60. Qg5 Qe2 61. Qf4 Kg8 62. Bf2 Bg4 63. Bd4 Qc4 64. Qe3 Qf1 65. Qf4 Qh3+ 66. Kf2 Be6 67. Ke1 Kh7 68. Be3 Bg4 69. Kf2 {[%eval -259,45] [%wdl 0,0,1000]}) 42. a4 Qxa4+ 43. Kc1 Kg7 {Selbst solch einen stillen Zug kann sich der überlegene Schwarze leisten, ohne seinen Vorteil zu verlieren. Das sagt viel aus über die Schwierigkeiten, mit denen der Gegner zu kämpfen hat.} 44. Qf2 Qe4 $2 {Verliert seinen grossen Vorteil und steht so nur noch leicht besser.} (44... Qa3+ {war hier tödlich, Bewertung: -+ (-2.16) (0% +0% =0% -100%) Depth: 53/93}) 45. Kb2 h5 {Das droht h4 mit Läufergewinn.} {[#]} 46. Qd2 $2 $19 {[%mdl 32768] Das ***VERLIERT*** wieder.} (46. h4 $1 {hält die Stellung noch zusammen.}) 46... Kg6 $1 47. Qe1 Qc2+ {Auch 47...h4 ist tödlich für Weiss.} 48. Ka3 h4 49. Bf2 Be6 {droht ...d4} 50. Qe3 Kh5 {Selbst dieser komisch wirkende Zug gewinnt noch immer. Stärker war aber 50...Dxa2+.} 51. Bg1 Bf5 {Besser ...Dxa2+ oder ...g4.} 52. Bf2 Be4 53. Qe1 Bf3 54. Bg1 $19 h3 $2 $11 {Kurz vor Torschluss ein schrecklicher Fehler, der die tödliche Bauernmehrheit von Schwarz am Königsflügel zu einer harmlosen Bauernmasse verkommen lässt.} ({Stockfish 17.1 BMI2:} 54... Bg4 55. Qe3 Be6 56. Qc5 Kg6 57. Qd4 g4 58. Kb4 Qxa2 59. Qd3+ Bf5 60. Qd4 Qb1+ 61. Kc5 Be6 62. Bf2 Kh5 63. Qd2 Qb8 64. Bd4 Qc7+ 65. Kb4 Qc4+ 66. Ka3 Qf1 67. Kb4 g3 68. hxg3 h3 69. Kc5 Kg4 70. Qh6 Kf3 71. Qf4+ Ke2 72. Qg5 Kd1 73. Qh5+ Kc1 {[%eval -382,38] [%wdl 0,0,1000]}) 55. Qe3 g4 56. Bf2 Kg6 57. e6 d4 58. cxd4 Bd5 59. e7 Qxa2+ 60. Kb4 Qc4+ 61. Ka5 Qc7+ 62. Kb4 Qc4+ 63. Ka5 Qc7+ 64. Kb4 Qc4+ {***3x REMIS***} 1/2-1/2

[Event "Match 81__120'/40"]
[Site "Zürich"]
[Date "2025.??.??"]
[Round "17"]
[White "Scorpio 68000 sel. 4"]
[Black "Fidelity Excel Mach III"]
[Result "0-1"]
[Annotator "Utzinger,K"]
[WhiteElo "2024"]
[BlackElo "2020"]
[PlyCount "87"]
[EventDate "2025.??.??"]

{[%evp 0,87,25,25,13,-23,2,0,6,-7,17,20,43,43,29,-8,7,-1,21,-21,-24,-15,5,4,-24,-42,-42,-49,-19,-23,-31,-26,-21,-28,-33,-28,-24,-62,-40,-52,-16,-86,-64,-105,-105,-106,-109,-158,-158,-169,-171,-223,-225,-204,-139,-151,-146,-142,-128,-201,-190,-226,-220,-249,-292,-293,-294,-347,-301,-308,-314,-453,-278,-350,-349,-369,-445,-522,-553,-553,-998,-1090,-475,-605,-498,-725,-751,-1341,-1318,-1637]} 1. d4 d5 {Match 120'/40 | Bediener: Rolf Bühler | Kommentator: Kurt Utzinger | 17. Partie: Schwarz (Mach III) gewinnt | Zwischenstand: 10-7 (58,8%) für Mach III | Stand hypothetisch: 9-8 (52,9%) für Scorpio | Eröffnung: Damengambit, 5.Sf3 h6, 6.Lxf6| Buchzüge: 5 von Scorpio; 5 von Mach III | Partieverlauf: In dieser Partie ist es der Scorpio 68000 sel. 4, der nach einer ruhigen Eröffnungsphase plötzlich den Faden verliert. Einer gröberen Ungenauigkeit (21.Te3?) lässt er einen Zug später mit 22.Txe8? bereits den Verlustzug folgen. Die schwarzen Figuren, Dame + Läuferpaar, harmonieren super zusammen. Rasch geht bei noch immer schlechter Stellung für Weiss ein Bauer verloren. Und als dann nach einer Abwicklung der Mach III auf der a-Linie einen tödlichen Freibauern erhält, ist die Sache gelaufen. Ein unscheinbarer Sieg des Mach III, der damit einen Dreipunktevorsprung hat in diesem Match.} 2. c4 e6 3. Nc3 Nf6 4. Bg5 Be7 5. Nf3 {***ENDE BUCH***} h6 {***ENDE BUCH*** Stockfish 17.1 Bewertung: = 0.12(50%)/41} 6. Bxf6 Bxf6 7. e4 dxe4 8. Nxe4 O-O 9. Be2 Nc6 10. d5 exd5 11. cxd5 Ne5 12. Qb3 Nxf3+ 13. Bxf3 Re8 14. O-O Be5 15. Rfe1 Rb8 16. Rac1 Bf5 17. Ng3 Bd7 18. Re2 Qg5 19. Rce1 a6 20. a3 Bb5 {[#] Es steht ausgeglichen. Bewertung: = (-0.15) (49% +1% =97% -2%) Depth: 49/70} 21. Re3 $2 {Eine wesentliche Ungenauigkeit, wonach Schwarz klar besser steht. Bewertung: -/+ (-0.83) (34% +0% =69% -31%) Depth: 51/97 Stattdessen bliebe nach 21.Se4 alles im Lot.} ({Ausgleich ergibt} 21. Ne4 $1 Qd8 22. Rc2 f5 {erobert nichts} 23. Rd1 fxe4 24. d6+ Kh8 25. dxc7 Bxh2+ 26. Kxh2 Qh4+ 27. Kg1 Rbc8 $11) 21... Bd4 $1 {Nun muss Weiss präzis agieren, will er nicht untergehen. Und dazu gibt es nur eine einzige Fortsetzung.} {[#]} 22. Rxe8+ $2 {[%mdl 32768] Ein ***VERLUSTZUG***} (22. h4 $1 {alles andere verliert} Rxe3 23. Rxe3 (23. hxg5 $4 Rxb3 $19) (23. fxe3 $2 Qxg3 $19) 23... Qf6 24. Re1 Qxh4 $17 {und mit einem Bauern weniger muss Weiss auch hier ums Remis kämpfen.}) (22. Re4 $2 Qd2 $19 23. Rxe8+ Rxe8 24. Rxe8+ Bxe8 25. Qd1 Qxf2+ 26. Kh1 Ba4 $19) 22... Rxe8 23. Rxe8+ Bxe8 {Nun droht Dg5-d2 mit Gewinn.} 24. Qc2 Qe5 {Mit der Drohung ...De1+, Sf1 Lb5 und aus für Weiss.} 25. Be2 Bxb2 26. Qb3 $19 {[#] Schwarz steht total auf Gewinn: Mehrbauer, starkes Läuferpaar, bessere Bauernstruktur, sichere Königsstellung.} a5 27. Qxb7 Bxa3 {Gegen den tödlichen Freibauern von Schwarz auf der a-Linie gibt es kein Rezept.} 28. Qa8 Bb4 29. h3 Kh7 30. Bd3+ g6 31. Nf1 a4 32. Ne3 Bc5 33. Nc2 Bd7 34. Qa5 (34. Qb7 $2 {trifft auf die nette Überraschung} Qg3 {mit entscheidendem Materialgewinn, denn} 35. Qa6 (35. Qb1 Qxd3 $19) 35... Qxf2+ 36. Kh2 Bd6+ 37. Qxd6 cxd6 $19) 34... Qxd5 35. Ne3 Qc6 36. Nc4 Be6 37. Bf1 Bxc4 38. Bxc4 Bxf2+ 39. Kxf2 Qxc4 {Diese Stellung im Damenendspiel mit drei Bauern mehr für Schwarz lässt keine Zweifel über den Ausgang der Partie zu.} 40. g4 c5 41. Qa7 Kg7 42. g5 hxg5 43. h4 gxh4 44. Kg2 {***AUFGEGEBEN***} 0-1